LEADER 01471nam a2200337 u 4500 001 000000049455 003 CaOOAMICUS 005 20070226115119.0 008 000630s2000 it u000 u ita u 020 $a8816405287 035 $a10851391 040 $aPUL$bita 100 1 $aSanders Peirce, Charles.$0(OLS)http://pul/name/35773 245 10$aChe cos'è il pragmatismo /$cCharles Sanders Peirce, William James ; a cura di Fulvia Vimercati ; presentazione di Carlo Sini. 260 $aMilano :$bJaca Book,$cc2000. 300 $a124 p. ;$c23 cm 490 1 $aDi fronte e attraverso.$aFilosofia ;$v528 490 1 $aLo spoglio dell'occidente.$aSaggi ;$v12 504 $a"Riferimenti bibliografici": p. 121-124. 650 4$aPragmatismo.$0(OLS)http://pul/subject/7909 700 1 $aSini, Carlo,$d1933-$0(OLS)http://pul/name/35208 700 1 $aVimercati, Fulvia.$0(OLS)http://pul/name/35774 830 0$aDi fronte e attraverso.$pFilosofia ;$v528.$0(OLS)http://pul/title/8614 830 3$aLo spoglio dell'occidente.$pSaggi ;$v12.$0(OLS)http://pul/title/66687 850 $aPUL 852 $aPUL$W1$xSL Filosofia 2$y80$mPhil A25 528$j65713$nBK-PRI$b $qStampati altre collocazioni$B65713$CPULBib$Z2$F65713 $81 941 1 $a10 961 $aINV: 82380 996 $6020$a8816405287$9(OLS)http://pul/number/62480 996 $6245$aChe cos'è il pragmatismo$9(OLS)http://pul/title/66686 996 $6260$aMilano :$bJaca Book$9(OLS)http://pul/publisher/47900 LEADER 01206nam a2200301 a 4500 001 000000121669 003 CaOOAMICUS 005 20100510163936.0 008 100510t2009 it u000 u ita r 020 $a978-88-382-4096-6 040 $aPUL$bita$dReb 082 04$a128 100 1 $aWust, Peter.$0(OLS)http://pul/name/76224 245 12$aL'uomo e la filosofia /$cPeter Wust ; a cura di Enrico Piscione e Mario Tamburino. 260 $aRoma :$bStudium,$c©2009. 300 $a110 p. ;$c21 cm 490 1 $aDialettica ;$v33 650 4$aFilosofia.$0(OLS)http://pul/subject/362 700 1 $aPiscione, Enrico,$d1949-$0(OLS)http://pul/name/41038 700 1 $aTamburino, Mario.$0(OLS)http://pul/name/76225 830 0$aDialettica ;$v33.$0(OLS)http://pul/title/3052 850 $aPUL 852 $aPUL$W1$xSL Filosofia 3$y81$m128 WUSPE 1$j139640$qDDC 21$B138840$CPULBib$Z2$F138840 $H113628 $82 941 1 $a9 996 $6020$a978-88-382-4096-6$9(OLS)http://pul/number/144151 996 $6082$a128$9(OLS)http://pul/classification/461 996 $6245$aL'uomo e la filosofia$9(OLS)http://pul/title/153084 996 $6260$aRoma :$bStudium$9(OLS)http://pul/publisher/47892